ბათუმის შოთა რუსთაველის სახელმწიფო უნივერსიტეტის ბიბლიოთეკა

ჩანაწერი Personal Name

ჩანაწერთა რაოდენობა, რომელიც გამოყენებულია: 2

001 - CONTROL NUMBER

  • control field: 13339

003 - CONTROL NUMBER IDENTIFIER

  • control field: GE_BSU

005 - DATE AND TIME OF LATEST TRANSACTION

  • control field: 20211222124157.0

008 - FIXED-LENGTH DATA ELEMENTS

  • fixed length control field: 211222|| aca||aabn | a|a d

040 ## - CATALOGING SOURCE

  • Original cataloging agency: GE_BSU
  • Transcribing agency: GE_BSU

100 ## - HEADING--PERSONAL NAME

  • Personal name: ბასილაძე, ი.

670 ## - SOURCE DATA FOUND

  • Source citation: Work cat.: (GE_BSU): ბასილაძე, ი., განათლების, სწავლა/სწავლებისა და აღზრდის საკითხები :